| 000 | 02307cam a22004334i 4500 | ||
|---|---|---|---|
| 003 | PE-LiUPU | ||
| 005 | 20250731173123.0 | ||
| 008 | 150623s1963 ny r 001 0 eng d | ||
| 035 | _a(Sirsi) a25770 | ||
| 040 |
_aPE-LiUPU _bspa _cPE-LiUPU _erda |
||
| 082 | 0 | 4 |
_a270.072 _bD637 _223 |
| 245 | 0 | 0 |
_aDocuments of the christian church / _cseleccionado y editado por Henry Bettenson Scowcroft. |
| 250 | _aSegunda edición. | ||
| 264 | 1 |
_aLondon, Oxford, New York : _bOxford University Press, Oxford Paperbacks, _c1963. |
|
| 300 |
_a343 páginas ; _c20 centímetros. |
||
| 336 |
_atext _2rdacontent |
||
| 337 |
_aunmediated _2rdamedia |
||
| 338 |
_avolume _2rdacarrier |
||
| 504 | _aÍndice : páginas 337-343. | ||
| 505 | 0 | _aThe early church (To the council of chalcedon, 451): the church and the world. Creeds. The earliest testimony to the gospels. The person and work of Christ. The problem of the relation of the divinity and the humanity in Christ. Pelagianism, the nature of man, sin, and grace. The church, the ministry, and the sacraments. The authority of the holy see. Doctrine and development. The vincentian canon. Christian inscriptions. From the council of chalcedon to the present: From chalcedon to the breach between east and west. The empire and the papacy. Monasticism and the friars. The church and heresy. The conciliar movement. Scholasticism. The church in England until the reformation. The reformation on the continent. The reformation in England. Dissent in England. The roman church from the counter - reformation to the present. The english church from the reformation to the present. The church of scotland. Christian unity. | |
| 526 | _aSEG42 | ||
| 526 | _aSEG41 | ||
| 526 | _aSEG40 | ||
| 526 | _aSEG39 | ||
| 526 | _aP94 | ||
| 526 | _aP87 | ||
| 526 | _aP86 | ||
| 526 | _aP85 | ||
| 526 | _aP77 | ||
| 526 | _aP76 | ||
| 526 | _aP35 | ||
| 650 | 0 | 4 |
_aIglesia _xHistoria _yPeríodo primitivo. |
| 650 | 0 | 4 |
_aReforma y contrareforma _y1517 - 1648. |
| 700 | 1 |
_aBettenson, Henry Scowcroft. _eeditor |
|
| 942 |
_2ddc _cBK _n0 |
||
| 949 |
_a270.072 D637 _wDEWEY _c1 _i51039 _lCCODEBUL1 _mBUL _p10.00 _r0 _sY _tBOOK _u2015-06-24 _xTEOLOGIA _0COMPRA _o.STAFF. Colección General |
||
| 980 |
_81 _gALBERTO SANCHEZ Responsable de Automatización |
||
| 999 |
_c32728 _d32728 |
||